Super Mario Odyssey All Captures - Statistics

General Stats
  • This quiz has been taken 116 times
  • The average score is 32 of 52
Answer Stats
Starting Kingdom Capture % Correct
Cap Frog
98%
Sand Goomba
98%
Cap Paragoomba
98%
Cloud Picture Match Part (Goomba)
98%
Cascade Big Chain Chomp
94%
Cascade Broode's Chain Chomp
94%
Cascade Chain Chomp
94%
Cascade T-Rex
92%
Sand Knucklotec's Fist
87%
Sand Bullet Bill
85%
Lake Cheep Cheep
82%
Mushroom Yoshi
79%
Wooded Fire Bro
78%
Moon Bowser
74%
Luncheon Hammer Bro
72%
Wooded Sherm
71%
Woded Boulder
70%
Wooded Tree
68%
Lost Tropical Wiggler
68%
Lake Puzzle Part (Lake Kingdom)
67%
Wooded Uproot
67%
Sand Lakitu
66%
Bowser's Pokio
66%
Metro Pole
66%
Metro Taxi
64%
Sand Moe-Eye
63%
Wooded Poison Piranha Plant
63%
Sand Cactus
62%
Lake Zipper
62%
Seaside Gushen
60%
Metro Letter
59%
Metro RC Car
59%
Cap Spark Pylon
59%
Sand Glydon
57%
Luncheon Lava Bubble
57%
Luncheon Meat
57%
Moon Parabones
46%
Snow Ty-Foo
45%
Wooded Coin Coffer
43%
Metro Manhole
43%
Sand Rocket
41%
Moon Banzai Bill
40%
Moon Bowser Statue
40%
Moon Chargin' Chuck
39%
Sand Binoculars
37%
Luncheon Fire Piranha Plant
34%
Snow Shiverian Racer
34%
Luncheon Volbonan
34%
Bowser's Jizo
33%
Mushroom Picture Match Part (Mario)
32%
Snow Cheep Cheep (Snow Kingdom)
18%
Metro Puzzle Part (Metro Kingdom)
18%
No matching quizzes found
Score Distribution
Percent of People with Each Score
Percentile by Number Answered
Your Score History
You have not taken this quiz